| 000 | 00641nam a2200193 i 4500 | ||
|---|---|---|---|
| 001 | 160932 | ||
| 003 | ES-MaACL | ||
| 005 | 20230906212146.0 | ||
| 008 | 041005s1877 gw |||| | eng d | ||
| 040 |
_aCAM _bspa _cCAM |
||
| 100 | 1 |
_aOliphant, Margaret. _9130611 |
|
| 245 | 1 | 0 |
_aMrs. Arthur / _cby Mrs. Oliphant. |
| 260 |
_aLeipzig : _bBernhard Tauchnitz, _c1877. |
||
| 300 |
_a2 v. (302 ; 294 p.) ; _c16 cm. |
||
| 490 | 1 |
_aCollection of britihs authors ; _v1668 ; 1669 |
|
| 830 | 0 |
_aCollection of britihs authors ; _v1668 ; 1669 _9188341 |
|
| 852 |
_aES-MaACL _jG-12390 _z-- Enc. hol. _z-- Enc. 2 t. en 1 v. |
||
| 999 |
_c160932 _d160932 |
||